<?xml version="1.0" encoding="UTF-8"?><?xml-stylesheet type="text/xsl" href="static/style.xsl"?><OAI-PMH xmlns="http://www.openarchives.org/OAI/2.0/" xmlns:xsi="http://www.w3.org/2001/XMLSchema-instance" xsi:schemaLocation="http://www.openarchives.org/OAI/2.0/ http://www.openarchives.org/OAI/2.0/OAI-PMH.xsd"><responseDate>2026-04-18T00:33:30Z</responseDate><request verb="GetRecord" identifier="oai:www.recercat.cat:20.500.12327/1417" metadataPrefix="marc">https://recercat.cat/oai/request</request><GetRecord><record><header><identifier>oai:recercat.cat:20.500.12327/1417</identifier><datestamp>2025-10-22T11:26:25Z</datestamp><setSpec>com_2072_4428</setSpec><setSpec>com_2072_4427</setSpec><setSpec>col_2072_487898</setSpec></header><metadata><record xmlns="http://www.loc.gov/MARC21/slim" xmlns:dcterms="http://purl.org/dc/terms/" xmlns:xsi="http://www.w3.org/2001/XMLSchema-instance" xmlns:doc="http://www.lyncode.com/xoai" xsi:schemaLocation="http://www.loc.gov/MARC21/slim http://www.loc.gov/standards/marcxml/schema/MARC21slim.xsd">
   <leader>00925njm 22002777a 4500</leader>
   <datafield ind2=" " ind1=" " tag="042">
      <subfield code="a">dc</subfield>
   </datafield>
   <datafield ind2=" " ind1=" " tag="720">
      <subfield code="a">Pascual-Villalobos, M.J.</subfield>
      <subfield code="e">author</subfield>
   </datafield>
   <datafield ind2=" " ind1=" " tag="720">
      <subfield code="a">Castañé, C.</subfield>
      <subfield code="e">author</subfield>
   </datafield>
   <datafield ind2=" " ind1=" " tag="720">
      <subfield code="a">Martín, F.</subfield>
      <subfield code="e">author</subfield>
   </datafield>
   <datafield ind2=" " ind1=" " tag="720">
      <subfield code="a">López, M.D.</subfield>
      <subfield code="e">author</subfield>
   </datafield>
   <datafield ind2=" " ind1=" " tag="720">
      <subfield code="a">Guirao, P.</subfield>
      <subfield code="e">author</subfield>
   </datafield>
   <datafield ind2=" " ind1=" " tag="720">
      <subfield code="a">Riudavets, J.</subfield>
      <subfield code="e">author</subfield>
   </datafield>
   <datafield ind2=" " ind1=" " tag="260">
      <subfield code="c">2021-08-07</subfield>
   </datafield>
   <datafield ind2=" " ind1=" " tag="520">
      <subfield code="a">Pyrethroids are the insecticides most commonly used inside traps, and the lack of alternatives poses the risk of pests developing resistance. In this paper we present two (E)-anethole formulations (spray drying (SD) and oil emulsion entrapment (OEE) processes) that provide a controlled release of their bioactive ingredient in the vapour phase with insecticidal potential in funnel traps.&#xd;
An experiment with the two pyralid moths Ephestia kuehniella Zeller and Plodia interpunctella Hübner was set up at two pilot stores in Spain for a four-month period. The microspheres (4 g of SD powder/trap or 6 g of OEE beads/trap) remained effective for 100 days, killing the moths by volatile activity. The efficacy values were within the interval of 70–100% for the first half of the experiment, with a decrease afterwards. The OEE beads performed better than did SD powder in the long run: over 80% efficacy for the whole experiment. The OEE process gives more loading capacity (19.7 g of (E)-anethole per 100 g of beads) and entrapment efficiency (28.6 g of (E)-anethole encapsulated per 100 g of (E)-anethole added) and is slower in releasing the product.&#xd;
In a laboratory study for E. kuehniella, the LC50 was 58.2 mg/L for SD after 24 h exposure to vapours and 111.6 mg/L for OEE after 48 h exposure to vapours. Therefore, the SD powder provides a quicker release of the bioactive ingredient.&#xd;
The results indicate that encapsulated (E)-anethole could be a promising insecticide for mass trapping, mating disruption and attract and kill strategies.</subfield>
   </datafield>
   <datafield ind1="8" ind2=" " tag="024">
      <subfield code="a">Pascual-Villalobos, M.J., C. Castañé, F. Martín, M.D. López, P. Guirao, and J. Riudavets. 2021. "(E)-Anethole Microspheres As An Alternative Insecticide In Funnel Traps". Journal Of Stored Products Research 93: 101862. doi:10.1016/j.jspr.2021.101862.</subfield>
   </datafield>
   <datafield ind1="8" ind2=" " tag="024">
      <subfield code="a">0022-474X</subfield>
   </datafield>
   <datafield ind1="8" ind2=" " tag="024">
      <subfield code="a">http://hdl.handle.net/20.500.12327/1417</subfield>
   </datafield>
   <datafield ind1="8" ind2=" " tag="024">
      <subfield code="a">https://doi.org/10.1016/j.jspr.2021.101862</subfield>
   </datafield>
   <datafield ind2="0" ind1="0" tag="245">
      <subfield code="a">(E)-Anethole microspheres as an alternative insecticide in funnel traps</subfield>
   </datafield>
</record></metadata></record></GetRecord></OAI-PMH>